Estudios jurídicos en homenaje a los 40 años de la Facultad de Derecho de la U. Católica de la Santísima Concepción

Αποθηκεύτηκε σε:
Λεπτομέρειες βιβλιογραφικής εγγραφής
Κύριος συγγραφέας: Céspedes Muñoz, Carlos (Συγγραφέας)
Συλλογικό Έργο: Universidad Católica de la Santísima Concepción (Συγγραφέας), Facultad de Derecho (Συγγραφέας)
Μορφή: Βιβλίο
Γλώσσα:Ισπανικά
Έκδοση: Santiago Thomson Reuters 2017
Έκδοση:1a. ed
Θέματα:
Ετικέτες: Προσθήκη ετικέτας
Δεν υπάρχουν, Καταχωρήστε ετικέτα πρώτοι!

MARC

LEADER 00000cam a2200000 a 4500
001 UCC0666
003 CL-VaPUC
008 170825e20170000cl |||||||||||||||||spa|d
020 |a 9789563468915 
082 0 4 |a 340.1  |b CES  |2 21 
100 0 |a Céspedes Muñoz, Carlos  |e author  |9 594663 
110 2 |a Universidad Católica de la Santísima Concepción  |e author  |9 594664 
710 2 |a Facultad de Derecho  |e author  |9 594665 
245 1 0 |a Estudios jurídicos en homenaje a los 40 años de la Facultad de Derecho de la U. Católica de la Santísima Concepción 
250 |a 1a. ed 
300 |a 439 p 
942 |c BK 
945 |d 20170825 13:52:00  |a arojas 
260 |a Santiago  |b Thomson Reuters  |c 2017 
600 0 7 |a UNIVERSIDAD CATOLICA DE LA SANTISIMA CONCEPCION  |2 CL-VaPUC  |9 594666 
650 7 |a ESTUDIOS JURIDICOS  |2 CL-VaPUC  |9 503403 
650 0 |a Homenajes  |9 258192 
583 |a last modification  |c 20170825 13:52:00  |k Rodrigo Vera 
999 |c 369433  |d 369431 
952 |0 0  |1 0  |3 erb  |4 0  |6 340_100000000000000_CES_2017  |7 0  |8 A  |9 485235  |a BIBDER  |b BIBDER  |i 5417597  |o 340.1 CES 2017  |p 5417597  |r 2023-01-25  |w 2019-11-24  |y BK  |z Catalogado en:20170825  |k DER